00713nmm a2200181Ia 4500008004100000041000800041100003200049245017800081264005800259300001800317650000800335700003200343700004100375700002400416700002100440700001900461856005100480251105s9999||||xx |||||||||||||||||und|| aspa aSarmiento Erazo, Juan Pablo 0aEstudios jurídicos sobre aprovechamiento sustentable de los recursos naturales :b Aproximación a alternativas jurídicas para la sostenibilidad y seguridad alimentaria a[Bogotá, Colombia] :bUniversidad del Norte, c2018 a146 páginas aLaw aSarmiento Erazo, Juan Pablo1 a Collart Dutilleul, Francois (dirs.)1 a Pironon, Valérie1 a Turbeaux, Sarah1 a Riem, Fabrice uhttps://public.digitaliapublishing.com/a/60669